|
|
|
|
| LEADER |
00000nas a2200000 a 4500 |
| 001 |
ssj0001959 |
| 003 |
WaSeSS |
| 005 |
20200512172242.0 |
| 006 |
m d |
| 007 |
cr n |
| 008 |
021002c19559999nyuqr p s b 0 a0eng c |
| 010 |
|
|
|a 2002227139
|
| 016 |
7 |
|
|a 2067117-9
|2 DE-600
|
| 022 |
|
|
|a 2325-8101
|y 0041-462X
|
| 035 |
|
|
|a (WaSeSS)ssj0001959
|
| 040 |
|
|
|a EYM
|b eng
|c EYM
|d OCLCQ
|d DLC
|d OCLCQ
|d OCLCF
|d OCLCO
|d DLC
|d VT2
|d OCLCO
|d FUG
|d OCLCQ
|d DLC
|d OCLCQ
|d DEBBG
|d OCL
|d GILDS
|d OCLCO
|d OCL
|d IAZ
|d OCLCO
|d NJT
|d OCL
|d WaSeSS
|
| 042 |
|
|
|a pcc
|a nsdp
|
| 050 |
1 |
4 |
|a PN2
|
| 082 |
0 |
0 |
|a 809.4
|2 23
|
| 130 |
0 |
|
|a Twentieth century literature (Online)
|
| 222 |
|
0 |
|a Twentieth century literature
|b (Online)
|
| 245 |
1 |
0 |
|a Twentieth century literature
|h [electronic resource].
|
| 246 |
3 |
|
|a 20th century literature
|
| 260 |
|
|
|3 1955- :
|a Denver, Colo. :
|b Swallow Press.
|
| 260 |
3 |
|
|3 March 2015- :
|a Durham, North Carolina :
|b Duke University Press
|
| 310 |
|
|
|a Quarterly
|
| 362 |
0 |
|
|a Vol. 1, no. 1 (Apr. 1955)-
|
| 500 |
|
|
|a Imprint varies: Los Angeles : IHC Press, 1967-1973; Hempstead, N.Y. : Hofstra University Press, 1974-
|
| 500 |
|
|
|a Title from title screen (viewed Oct. 2, 2002).
|
| 500 |
|
|
|a Vols. 1-16 (1955-Jan. 1970)--and v. 18, no. 1 (Jan. 1972) are digitized versions of the reprint ed. published: Millwood, N.Y. : Kraus Reprint Corp., 1966-1979.
|
| 506 |
|
|
|a License restrictions may limit access.
|
| 538 |
|
|
|a Mode of access: World Wide Web.
|
| 588 |
|
|
|a Latest issue consulted: Vol. 54, no. 4 (winter 2008) (JSTOR website, viewed Dec. 12, 2012).
|
| 648 |
|
7 |
|a 1900-1999
|2 fast
|
| 650 |
|
0 |
|a Literature, Modern
|y 20th century
|x History and criticism
|v Periodicals.
|
| 650 |
|
0 |
|a Literature, Modern
|y 20th century
|x History and criticism
|v Bibliography
|v Periodicals.
|
| 650 |
|
7 |
|a Literature, Modern.
|2 fast
|0 (OCoLC)fst01000172
|
| 655 |
|
0 |
|a Electronic journals.
|
| 776 |
1 |
|
|t Twentieth century literature
|x 0041-462X
|w (DLC) 56001944
|w (OCoLC)1713698
|
| 856 |
4 |
0 |
|z Full text available from Research Library: 04/01/1992 to 12/31/2018
|u https://search.proquest.com/publication/41624
|